000 00736nam a22002412 4500
001 0000005101
005 20151217145823.0
008 070606s xx 000 0 eng d
020 _a8120314654 :
_cKES 1,250
040 _aKABU
_cKABU
050 0 _aQA76.9
_b.D3H36 1996
100 1 _aHansen, Gary W.
_@0000156191
245 1 0 _aDatabase management and design /
_cGary W. Hansen, James V. Hansen.
250 _a2nd ed.
260 _aNew Delhi :
_bPrentice Hall,
_c2006.
300 _axxvi, 582 p.
650 0 _aDatabase management.
_@0000148184
650 0 _aDatabase design.
_@0000148441
700 1 _aHansen, James V.
_@0000156192
908 _a070606
950 _@1
999 _c2913
_d2913